00843cam a22002651i 45000010005000000030008000050050017000130080039000300350018000690350023000870350014001100350017001240400034001410410008001750820021001832450111002042600037003153000032003525000020003845040064004046500026004686500021004947000031005157000031005463432BD-RjUL20211208233729.0160621s1967 enkac b 011 0deng a(BD-RjUL)3466 a(OCoLC)ocm00230009 a(BD-RjUL) a(NNC)2470575 dUPvMRCaBD-RjULbengcBD-RjUL aeng a338.9bSOC 1967 00aSocialism, capitalism and economic growth :bessays presented to Maurice Dobb /cedited by C.H. Feinstein. aLondon :bCambridge U.P.,c1967. ax, 367 p. :bill. ;c24 cm. aIncludes index. a"A bibliography of the works of Maurice Dobb" (p. 351-360). 0aEconomic development. 0aEconomic policy.1 aDobb, Maurice,d1900-1976.1 aFeinstein, C. H.,eeditor.